[Event "GBR-ch 100th"]
[Site "Torquay"]
[Date "2013.08.09"]
[Round "11"]
[White "Armstrong, Malcolm J"]
[Black "Homer, Stephen J"]
[Result "1-0"]
[WhiteElo "2014"]
[BlackElo "2165"]
[PlyCount "95"]
[EventDate "2013.07.29"]
[EventType "swiss"]
[EventRounds "11"]
[EventCountry "GBR"]
[Source "John Saunders"]
[SourceDate "2015.07.24"]

1. d4 Nf6 2. Nf3 d5 3. c4 dxc4 4. e3 e6 5. Bxc4 c5 6. O-O a6 7. dxc5 Bxc5 8.
Qxd8+ Kxd8 9. a3 Ke7 10. b4 Bd6 11. Bb2 Nbd7 12. Nbd2 b5 13. Be2 Bb7 14. Rac1
Rhg8 15. Nd4 Rac8 16. Bf3 Bxf3 17. N2xf3 Nb8 18. Rfd1 Nfd7 19. Nb3 Nc6 20. Rd2
Nb6 21. Rdc2 Nc4 22. Nfd2 Nxb2 23. Rxc6 Kd7 24. R6c2 Nd3 25. Rxc8 Rxc8 26. Rxc8
Kxc8 27. Kf1 Kd7 28. Ke2 Nb2 29. Na5 Na4 30. f4 Bc7 31. Nab3 f5 32. Kd3 Kd6 33.
g3 Bb6 34. e4 g6 35. h3 Bf2 36. g4 fxg4 37. hxg4 h5 38. gxh5 gxh5 39. Ke2 Bg3
40. Kf3 Be1 41. e5+ Kd5 42. Ne4 h4 43. Nf6+ Kc4 44. Na5+ Kd3 45. f5 Nc5 46.
bxc5 Bxa5 47. fxe6 Bd8 48. c6 1-0

[Event "GBR-ch 100th"]
[Site "Torquay"]
[Date "2013.08.09"]
[Round "11"]
[White "Ball, Laurence"]
[Black "Freeman, Richard"]
[Result "1/2-1/2"]
[WhiteElo "2108"]
[BlackElo "2030"]
[PlyCount "61"]
[EventDate "2013.07.29"]
[EventType "swiss"]
[EventRounds "11"]
[EventCountry "GBR"]
[Source "John Saunders"]
[SourceDate "2015.07.24"]

1. e4 g6 2. Nf3 Bg7 3. d4 d6 4. Nc3 a6 5. a4 b6 6. Be3 e6 7. Qd2 h6 8. h3 Bb7
9. Be2 Nd7 10. Bd3 Ne7 11. O-O Kf8 12. Nh2 f5 13. f3 Kg8 14. Bc4 d5 15. exd5
exd5 16. Bb3 Kh7 17. Ne2 Nf6 18. c3 Re8 19. Rfe1 Nc8 20. Bc2 Nd6 21. b3 Bc8 22.
g4 Ng8 23. Nf4 c6 24. Bf2 Ra7 25. Rxe8 Qxe8 26. Re1 Re7 27. Nf1 Rxe1 28. Qxe1
Qxe1 29. Bxe1 Ne7 30. Ne3 Bf8 31. Kg2 1/2-1/2

[Event "GBR-ch 100th"]
[Site "Torquay"]
[Date "2013.08.09"]
[Round "11"]
[White "Bates, Richard"]
[Black "Horton, Andrew P"]
[Result "1/2-1/2"]
[WhiteElo "2375"]
[BlackElo "2032"]
[PlyCount "65"]
[EventDate "2013.07.29"]
[EventType "swiss"]
[EventRounds "11"]
[EventCountry "GBR"]
[Source "John Saunders"]
[SourceDate "2015.07.24"]

1. Nf3 Nf6 2. d4 e6 3. c4 b6 4. g3 Bb7 5. Bg2 g6 6. O-O Bg7 7. Nc3 O-O 8. Bf4
Nh5 9. Bg5 f6 10. Bc1 f5 11. d5 Na6 12. e4 exd5 13. exd5 Nc5 14. Bg5 Bf6 15.
Bh6 Re8 16. Nd4 Ng7 17. Qd2 a5 18. Rfe1 Rb8 19. h4 Rxe1+ 20. Rxe1 Ne8 21. b3
Nd6 22. Bf4 Ba6 23. Bxd6 cxd6 24. Ndb5 Bxb5 25. Nxb5 Qf8 26. Re2 Be5 27. f4 Bg7
28. Qe3 Qf6 29. Kh2 h5 30. a3 Na6 31. Qe7 Qxe7 32. Rxe7 Rd8 33. Re3 1/2-1/2

[Event "GBR-ch 100th"]
[Site "Torquay"]
[Date "2013.08.09"]
[Round "11"]
[White "Broadley, Henry"]
[Black "Burnett, Jim"]
[Result "0-1"]
[WhiteElo "1953"]
[BlackElo "2117"]
[PlyCount "87"]
[EventDate "2013.07.29"]
[EventType "swiss"]
[EventRounds "11"]
[EventCountry "GBR"]
[Source "John Saunders"]
[SourceDate "2015.07.24"]

1. d4 d5 2. c4 e6 3. Nc3 c6 4. Nf3 dxc4 5. a4 Bb4 6. e3 b5 7. Bd2 a5 8. axb5
Bxc3 9. Bxc3 cxb5 10. b3 Bb7 11. bxc4 b4 12. Bb2 Nf6 13. Bd3 Nbd7 14. O-O O-O
15. Nd2 e5 16. d5 Qb6 17. Kh1 Rfe8 18. Bc2 Re7 19. f4 e4 20. Bd4 Qd6 21. g4 Nc5
22. Nb3 Nxb3 23. Bxb3 Nd7 24. f5 Ree8 25. f6 g6 26. g5 Nc5 27. Bxc5 Qxc5 28.
Qe1 Kh8 29. Rf4 Re5 30. Qg3 Qd6 31. Rh4 h5 32. Bd1 Kg8 33. Bxh5 gxh5 34. Rxh5
Rxd5 35. cxd5 Qxg3 36. hxg3 Bc8 37. Ra2 Bg4 38. Rh4 Bf3+ 39. Kg1 Rc8 40. Rd2 b3
41. d6 Rc2 42. Rhh2 b2 43. Rd1 Rc1 44. Rhd2 0-1

[Event "GBR-ch 100th"]
[Site "Torquay"]
[Date "2013.08.09"]
[Round "11"]
[White "Brusey, Alan"]
[Black "Wang, Maria"]
[Result "1/2-1/2"]
[WhiteElo "2020"]
[BlackElo "1817"]
[PlyCount "40"]
[EventDate "2013.07.29"]
[EventType "swiss"]
[EventRounds "11"]
[EventCountry "GBR"]
[Source "John Saunders"]
[SourceDate "2015.07.24"]

1. e4 e6 2. d4 d5 3. e5 c5 4. c3 Nc6 5. Nf3 Qb6 6. Be2 cxd4 7. cxd4 Nh6 8. Nc3
Nf5 9. Na4 Bb4+ 10. Bd2 Qa5 11. Bc3 b5 12. a3 Bxc3+ 13. Nxc3 b4 14. axb4 Qxb4
15. Qa4 Bd7 16. Qxb4 Nxb4 17. O-O O-O 18. g4 Ne7 19. Na4 Nc2 20. Ra2 Nb4
1/2-1/2

[Event "GBR-ch 100th"]
[Site "Torquay"]
[Date "2013.08.09"]
[Round "11"]
[White "Chapman, Terry PD"]
[Black "Storey, Charles"]
[Result "1/2-1/2"]
[WhiteElo "2308"]
[BlackElo "2214"]
[PlyCount "141"]
[EventDate "2013.07.29"]
[EventType "swiss"]
[EventRounds "11"]
[EventCountry "GBR"]
[Source "John Saunders"]
[SourceDate "2015.07.24"]

1. d4 g6 2. e4 Bg7 3. Nf3 d6 4. h3 c5 5. d5 Nf6 6. Nc3 O-O 7. Bd3 e6 8. dxe6
Bxe6 9. O-O Nc6 10. Ng5 Bd7 11. Bf4 Nh5 12. Be3 Nd4 13. Nd5 Bc6 14. c3 Ne6 15.
Qd2 Bxd5 16. exd5 Nxg5 17. Bxg5 Bf6 18. Bh6 Bg7 19. Bg5 Bf6 20. h4 Bxg5 21.
Qxg5 Qxg5 22. hxg5 a6 23. a4 Rfe8 24. Rfe1 Nf4 25. Bc4 Kf8 26. a5 Kg7 27. Kf1
h6 28. g3 Nh5 29. gxh6+ Kxh6 30. Rxe8 Rxe8 31. Ra3 Nf6 32. f3 Nd7 33. Rb3 Rb8
34. Kf2 Kg5 35. Bf1 f5 36. f4+ Kf6 37. c4 b6 38. axb6 Rxb6 39. Rxb6 Nxb6 40. b3
g5 41. fxg5+ Kxg5 42. Be2 a5 43. Ke3 Nd7 44. Bd1 Ne5 45. Be2 Kf6 46. Bf3 Kg5
47. Be2 Ng4+ 48. Kf3 Kf6 49. Kf4 Nf2 50. Ke3 Nh3 51. Bf1 Ng5 52. Kf4 Ne4 53.
Bd3 Nd2 54. Bc2 a4 55. bxa4 Nxc4 56. Bxf5 Nb6 57. a5 Nxd5+ 58. Ke4 Nb4 59. Bc8
d5+ 60. Ke3 d4+ 61. Ke4 d3 62. Ke3 c4 63. Kd4 d2 64. Bg4 Kg5 65. Bf3 Nc6+ 66.
Kc3 Nxa5 67. Kxd2 Nb3+ 68. Kc3 Nc5 69. Kxc4 Ne4 70. Bxe4 Kg4 71. Kd4 1/2-1/2

[Event "GBR-ch 100th"]
[Site "Torquay"]
[Date "2013.08.09"]
[Round "11"]
[White "Dilleigh, Steve"]
[Black "Mason, Donald"]
[Result "1/2-1/2"]
[WhiteElo "2121"]
[BlackElo "2204"]
[PlyCount "27"]
[EventDate "2013.07.29"]
[EventType "swiss"]
[EventRounds "11"]
[EventCountry "GBR"]
[Source "John Saunders"]
[SourceDate "2015.07.24"]

1. d4 e6 2. c4 f5 3. g3 Nf6 4. Bg2 Be7 5. Nf3 O-O 6. O-O d6 7. b3 Ne4 8. Bb2
Nd7 9. Nbd2 Ndf6 10. Qc2 Bd7 11. Ne1 Bc6 12. Nxe4 Bxe4 13. Bxe4 Nxe4 14. Qd1
1/2-1/2

[Event "GBR-ch 100th"]
[Site "Torquay"]
[Date "2013.08.09"]
[Round "11"]
[White "Emery, Keith"]
[Black "Thompson, Robert"]
[Result "1/2-1/2"]
[WhiteElo "1906"]
[BlackElo "1978"]
[PlyCount "37"]
[EventDate "2013.07.29"]
[EventType "swiss"]
[EventRounds "11"]
[EventCountry "GBR"]
[Source "John Saunders"]
[SourceDate "2015.07.24"]

1. e4 g6 2. Nf3 Bg7 3. Bc4 d6 4. h3 e6 5. d4 Nd7 6. O-O Ne7 7. c3 b6 8. Be3 Bb7
9. Nbd2 a6 10. Nh2 d5 11. Bd3 c5 12. exd5 Nxd5 13. Be4 N7f6 14. Bf3 cxd4 15.
Bxd4 Qc7 16. Ng4 O-O 17. Nxf6+ Nxf6 18. Bxb7 Qxb7 19. Qf3 1/2-1/2

[Event "GBR-ch 100th"]
[Site "Torquay"]
[Date "2013.08.09"]
[Round "11"]
[White "Foo, William"]
[Black "Duff, Rufus"]
[Result "0-1"]
[WhiteElo "2090"]
[BlackElo "2157"]
[PlyCount "94"]
[EventDate "2013.07.29"]
[EventType "swiss"]
[EventRounds "11"]
[EventCountry "GBR"]
[Source "John Saunders"]
[SourceDate "2015.07.24"]

1. e4 e5 2. Nf3 Nc6 3. Bb5 a6 4. Ba4 Nf6 5. Qe2 b5 6. Bb3 Be7 7. O-O O-O 8. d4
d6 9. c3 Bg4 10. Rd1 Qc8 11. d5 Nb8 12. Nbd2 Nh5 13. Nf1 Nf4 14. Bxf4 exf4 15.
a4 Nd7 16. axb5 axb5 17. N1d2 Rb8 18. Qf1 Bf6 19. Rdb1 Ne5 20. Nxe5 Bxe5 21.
Ra7 f3 22. Nxf3 Bxf3 23. gxf3 f5 24. Qh3 b4 25. c4 fxe4 26. Qxc8 Rbxc8 27. Re1
Rxf3 28. Re3 Bd4 29. Rxf3 exf3 30. Ra1 Re8 31. Rf1 g5 32. Bd1 g4 33. Bc2 Re5
34. b3 Kg7 35. Bd3 h5 36. Rd1 Kf6 37. Kf1 Bc3 38. Rb1 Re8 39. Rd1 Ra8 40. Bb1
Ra3 41. Bc2 Ra2 42. Rc1 Bd2 43. Bb1 Rb2 44. Rd1 Bc3 45. Bh7 Rxb3 46. Bc2 Rb2
47. Bh7 b3 0-1

[Event "GBR-ch 100th"]
[Site "Torquay"]
[Date "2013.08.09"]
[Round "11"]
[White "Gill, Oliver"]
[Black "Jaunooby, Ali Reza"]
[Result "0-1"]
[WhiteElo "1974"]
[BlackElo "2170"]
[PlyCount "50"]
[EventDate "2013.07.29"]
[EventType "swiss"]
[EventRounds "11"]
[EventCountry "GBR"]
[Source "John Saunders"]
[SourceDate "2015.07.24"]

1. e4 d5 2. Nc3 d4 3. Nce2 e5 4. Ng3 Be6 5. Nf3 f6 6. c3 d3 7. Nxe5 fxe5 8.
Qh5+ Ke7 9. Qxe5 Nc6 10. Qb5 g6 11. Qxd3 Qe8 12. Qc2 Kf7 13. d4 Rd8 14. Bd3 h5
15. O-O h4 16. Ne2 h3 17. g3 Kg7 18. f4 Nf6 19. Bd2 Na5 20. c4 Nxc4 21. e5 Ng4
22. Bxc4 Qc6 23. d5 Bc5+ 24. Rf2 Bxf2+ 25. Kf1 Bxd5 0-1

[Event "GBR-ch 100th"]
[Site "Torquay"]
[Date "2013.08.09"]
[Round "11"]
[White "Graham, David Bruce"]
[Black "Reid, John"]
[Result "1/2-1/2"]
[WhiteElo "2165"]
[BlackElo "2151"]
[PlyCount "74"]
[EventDate "2013.07.29"]
[EventType "swiss"]
[EventRounds "11"]
[EventCountry "GBR"]
[Source "John Saunders"]
[SourceDate "2015.07.24"]

1. e4 c5 2. Nf3 d6 3. d3 Nc6 4. g3 Nf6 5. Bg2 g6 6. O-O Bg7 7. Nbd2 O-O 8. c3
Nd7 9. Qe2 Rb8 10. a4 a6 11. Rd1 b5 12. axb5 axb5 13. Nf1 b4 14. d4 bxc3 15.
bxc3 cxd4 16. cxd4 Nc5 17. dxc5 Bxa1 18. cxd6 Qa5 19. Qc4 Ne5 20. Nxe5 Bxe5 21.
dxe7 Re8 22. Rd5 Qc3 23. Qxc3 Bxc3 24. Bf4 Rb7 25. Rd3 Bb4 26. e5 Rbxe7 27. Bc6
Bf5 28. Rb3 Rb8 29. Ne3 Bh3 30. Bg2 Bxg2 31. Kxg2 Rb5 32. h4 Reb7 33. Rd3 Kg7
34. Rd8 Be7 35. Re8 h6 36. Ng4 h5 37. Ne3 Rd7 1/2-1/2

[Event "GBR-ch 100th"]
[Site "Torquay"]
[Date "2013.08.09"]
[Round "11"]
[White "Harvey, Marcus Ross"]
[Black "Emms, John M"]
[Result "1/2-1/2"]
[WhiteElo "2202"]
[BlackElo "2469"]
[PlyCount "74"]
[EventDate "2013.07.29"]
[EventType "swiss"]
[EventRounds "11"]
[EventCountry "GBR"]
[Source "John Saunders"]
[SourceDate "2015.07.24"]

1. g3 g6 2. Bg2 Bg7 3. c4 c5 4. Nc3 Nc6 5. e3 d6 6. Nge2 Nf6 7. a3 O-O 8. O-O
Bf5 9. d3 Qd7 10. Nf4 e5 11. Nfd5 Nxd5 12. Nxd5 Ne7 13. Rb1 Nxd5 14. Bxd5 Rab8
15. b4 b6 16. Qb3 Bh3 17. Re1 Kh8 18. bxc5 dxc5 19. Bb2 Rbd8 20. f4 exf4 21.
Bxg7+ Kxg7 22. Qc3+ f6 23. exf4 Rfe8 24. Kf2 Be6 25. Rxe6 Rxe6 26. Bxe6 Qxe6
27. Re1 Qd6 28. Re3 Rd7 29. Qe1 Qd4 30. Kf3 Kf7 31. Qf1 Re7 32. Rxe7+ Kxe7 33.
Qe2+ Kd6 34. Qe4 f5 35. Qe2 Kd7 36. Kg2 Qd6 37. Kh3 h6 1/2-1/2

[Event "GBR-ch 100th"]
[Site "Torquay"]
[Date "2013.08.09"]
[Round "11"]
[White "Hawkins, Jonathan"]
[Black "Kolbus, Dietmar"]
[Result "1/2-1/2"]
[WhiteElo "2517"]
[BlackElo "2288"]
[PlyCount "31"]
[EventDate "2013.07.29"]
[EventType "swiss"]
[EventRounds "11"]
[EventCountry "GBR"]
[Source "John Saunders"]
[SourceDate "2015.07.24"]

1. d4 d5 2. c4 e6 3. Nf3 Nf6 4. Nc3 Be7 5. Bg5 h6 6. Bh4 O-O 7. e3 Ne4 8. Bxe7
Qxe7 9. Rc1 Nxc3 10. Rxc3 c6 11. Bd3 dxc4 12. Bxc4 Nd7 13. Qc2 e5 14. O-O exd4
15. exd4 Nb6 16. Bb3 1/2-1/2

[Event "GBR-ch 100th"]
[Site "Torquay"]
[Date "2013.08.09"]
[Round "11"]
[White "Hegarty, Sarah"]
[Black "Balaji, Ananthanarayanan"]
[Result "1/2-1/2"]
[WhiteElo "2124"]
[BlackElo "1946"]
[PlyCount "91"]
[EventDate "2013.07.29"]
[EventType "swiss"]
[EventRounds "11"]
[EventCountry "GBR"]
[Source "John Saunders"]
[SourceDate "2015.07.24"]

1. e4 e5 2. Nf3 Nc6 3. Bb5 f5 4. d3 fxe4 5. dxe4 Nf6 6. Bc4 Bc5 7. Nc3 d6 8.
Ng5 Rf8 9. Nf3 Bg4 10. Be2 Qd7 11. h3 Bh5 12. Bg5 Bg6 13. Bxf6 gxf6 14. a3 f5
15. exf5 Bxf5 16. Na4 Bb6 17. Nxb6 axb6 18. Qd2 O-O-O 19. O-O-O Kb8 20. Bb5 Qe6
21. Kb1 Bg6 22. Qc3 Ne7 23. Ba4 Qf6 24. Rhf1 Bf7 25. Qd2 Bh5 26. Rde1 Bxf3 27.
gxf3 Qxf3 28. Qh6 Qf5 29. Bb3 Qg6 30. Qd2 Rf3 31. Rxe5 Nc6 32. Re3 Rdf8 33. Bd5
Rxf2 34. Rxf2 Qg1+ 35. Re1 Qxf2 36. Re8+ Ka7 37. Qxf2 Rxf2 38. Bxc6 bxc6 39.
Re7 Kb7 40. Rxh7 Rh2 41. h4 c5 42. b3 Rh3 43. h5 c4 44. bxc4 Rxa3 45. Kb2 Rh3
46. c3 1/2-1/2

[Event "GBR-ch 100th"]
[Site "Torquay"]
[Date "2013.08.09"]
[Round "11"]
[White "Hoare, Amy B"]
[Black "McCullough, Simon L"]
[Result "0-1"]
[WhiteElo "1873"]
[BlackElo "2076"]
[PlyCount "104"]
[EventDate "2013.07.29"]
[EventType "swiss"]
[EventRounds "11"]
[EventCountry "GBR"]
[Source "John Saunders"]
[SourceDate "2015.07.24"]

1. e4 a6 2. d4 b5 3. Bd3 Bb7 4. Nf3 e6 5. Qe2 c5 6. dxc5 Bxc5 7. Be3 Be7 8. e5
d6 9. exd6 Bxd6 10. Nbd2 Nf6 11. O-O Qc7 12. Bg5 Ng4 13. h3 h6 14. Be3 Nxe3 15.
Qxe3 Bf4 16. Qe2 Nc6 17. a4 b4 18. Ne4 Ne5 19. Nxe5 Qxe5 20. g3 Bg5 21. f4 Qd4+
22. Qf2 Bf6 23. Nxf6+ Qxf6 24. Qb6 Qe7 25. f5 O-O 26. Rae1 Bd5 27. f6 gxf6 28.
Qe3 Kg7 29. Rf4 Rh8 30. Qd4 Rhd8 31. Rg4+ Kf8 32. Qxb4 Qxb4 33. Rxb4 Rab8 34.
Rxb8 Rxb8 35. b3 a5 36. Kf2 Ke7 37. Be4 Bxe4 38. Rxe4 Rc8 39. Re2 Rc3 40. Rd2
h5 41. Kg2 f5 42. Kh2 Kf6 43. Rg2 e5 44. Kg1 e4 45. Kf1 Ke5 46. Ke1 e3 47. Re2
Ke4 48. Rg2 Kf3 49. Kf1 Rc7 50. c4 Rd7 51. Re2 Rd1+ 52. Re1 e2+ 0-1

[Event "GBR-ch 100th"]
[Site "Torquay"]
[Date "2013.08.09"]
[Round "11"]
[White "Jackson, Oliver"]
[Black "Stewart, Ashley"]
[Result "1/2-1/2"]
[WhiteElo "2207"]
[BlackElo "2053"]
[PlyCount "82"]
[EventDate "2013.07.29"]
[EventType "swiss"]
[EventRounds "11"]
[EventCountry "GBR"]
[Source "John Saunders"]
[SourceDate "2015.07.24"]

1. e4 c5 2. Nc3 a6 3. f4 b5 4. Nf3 Bb7 5. d3 e6 6. g3 d5 7. Qe2 Be7 8. Bg2 Nf6
9. e5 Nfd7 10. O-O Nc6 11. Bd2 Qb6 12. Kh1 O-O-O 13. a4 b4 14. a5 Nxa5 15. Na4
Qc7 16. c3 b3 17. c4 dxc4 18. d4 cxd4 19. Bxa5 Qxa5 20. Qxc4+ Kb8 21. Qxb3 Qb5
22. Nxd4 Qxb3 23. Nxb3 Rc8 24. Rfd1 Rhd8 25. Rd3 Bxg2+ 26. Kxg2 Ka7 27. Kh3 Nb8
28. Rxd8 Bxd8 29. Rd1 Be7 30. Kg4 g6 31. Nc3 Rc4 32. Rd4 Rxd4 33. Nxd4 Kb6 34.
Ne4 h6 35. h4 Nc6 36. Nxc6 h5+ 37. Kf3 Kxc6 38. Ke3 Kd5 39. Kd3 Bb4 40. Nf6+
Kc5 41. Ne4+ Kd5 1/2-1/2

[Event "GBR-ch 100th"]
[Site "Torquay"]
[Date "2013.08.09"]
[Round "11"]
[White "Kirby, Peter J"]
[Black "Coates, David H"]
[Result "1/2-1/2"]
[WhiteElo "1982"]
[BlackElo "2046"]
[PlyCount "81"]
[EventDate "2013.07.29"]
[EventType "swiss"]
[EventRounds "11"]
[EventCountry "GBR"]
[Source "John Saunders"]
[SourceDate "2015.07.24"]

1. c4 c5 2. g3 Nc6 3. Bg2 g6 4. Nc3 Bg7 5. Nf3 e5 6. O-O Nge7 7. a3 O-O 8. Rb1
a5 9. Ne1 d6 10. Nc2 Be6 11. Ne3 Rb8 12. d3 f5 13. Ned5 h6 14. Bd2 Kh7 15. b4
axb4 16. axb4 b6 17. b5 Bxd5 18. Nxd5 Nxd5 19. Bxd5 Ne7 20. Bg2 d5 21. cxd5
Nxd5 22. Qb3 Nc7 23. Ra1 Qd6 24. Ra7 Ne6 25. Bc3 Kh8 26. Rfa1 Nd4 27. Bxd4 exd4
28. Qd5 Qf6 29. Rd7 Rbd8 30. Raa7 f4 31. Rxd8 Rxd8 32. Qf7 fxg3 33. hxg3 Qxf7
34. Rxf7 Rd6 35. Rb7 Bf6 36. Bc6 Bd8 37. Be4 Kg8 38. Kg2 Kf8 39. Rh7 h5 40. Rb7
Re6 41. f3 1/2-1/2

[Event "GBR-ch 100th"]
[Site "Torquay"]
[Date "2013.08.09"]
[Round "11"]
[White "Lalic, Bogdan"]
[Black "Arkell, Keith C"]
[Result "1/2-1/2"]
[WhiteElo "2489"]
[BlackElo "2444"]
[PlyCount "51"]
[EventDate "2013.07.29"]
[EventType "swiss"]
[EventRounds "11"]
[EventCountry "GBR"]
[Source "John Saunders"]
[SourceDate "2015.07.24"]

1. d4 Nf6 2. c4 e6 3. Nf3 b6 4. g3 Ba6 5. Qa4 Bb7 6. Bg2 c5 7. dxc5 Bxc5 8. O-O
O-O 9. Nc3 Be7 10. Bf4 Na6 11. Rfd1 Qc8 12. Rac1 Nc5 13. Qc2 Nce4 14. Nd4 Nxc3
15. Qxc3 a6 16. Qb3 Bxg2 17. Kxg2 Qb7+ 18. Qf3 Ne4 19. Nb3 f5 20. Nd2 g5 21.
Nxe4 fxe4 22. Qg4 h5 23. Qxh5 gxf4 24. Qg6+ Kh8 25. Qh6+ Kg8 26. Qg6+ 1/2-1/2

[Event "GBR-ch 100th"]
[Site "Torquay"]
[Date "2013.08.09"]
[Round "11"]
[White "Lane, Gary William"]
[Black "Smith, Andrew Philip"]
[Result "1-0"]
[WhiteElo "2401"]
[BlackElo "2110"]
[PlyCount "31"]
[EventDate "2013.07.29"]
[EventType "swiss"]
[EventRounds "11"]
[EventCountry "GBR"]
[Source "John Saunders"]
[SourceDate "2015.07.24"]

1. e4 c5 2. Nf3 e6 3. d4 cxd4 4. Nxd4 Nf6 5. Nc3 Bb4 6. e5 Nd5 7. Bd2 Nxc3 8.
bxc3 Ba5 9. Qg4 O-O 10. Bd3 Nc6 11. Nxc6 dxc6 12. O-O Qd5 13. Rae1 f5 14. exf6
Rxf6 15. Qg3 Qxa2 16. Ra1 1-0

[Event "GBR-ch 100th"]
[Site "Torquay"]
[Date "2013.08.09"]
[Round "11"]
[White "Martin, Lewis"]
[Black "Thorpe, Thomas"]
[Result "1-0"]
[WhiteElo "2043"]
[BlackElo "1875"]
[PlyCount "45"]
[EventDate "2013.07.29"]
[EventType "swiss"]
[EventRounds "11"]
[EventCountry "GBR"]
[Source "John Saunders"]
[SourceDate "2015.07.24"]

1. d4 f5 2. Nf3 g6 3. c4 Bg7 4. g3 Nf6 5. Bg2 O-O 6. O-O d6 7. Nc3 Qe8 8. Re1
c6 9. b3 Nbd7 10. Ba3 h6 11. Qc2 Rb8 12. e4 fxe4 13. Nxe4 Qf7 14. Bxd6 Nxe4 15.
Bxb8 Ng5 16. Nxg5 hxg5 17. Be5 Nxe5 18. dxe5 Bf5 19. Qd2 Be6 20. Qe3 a5 21.
Rad1 Bh6 22. Qb6 a4 23. Rd8 1-0

[Event "GBR-ch 100th"]
[Site "Torquay"]
[Date "2013.08.09"]
[Round "11"]
[White "Mordue, A Tyson"]
[Black "Henderson, David"]
[Result "1/2-1/2"]
[WhiteElo "2256"]
[BlackElo "2053"]
[PlyCount "35"]
[EventDate "2013.07.29"]
[EventType "swiss"]
[EventRounds "11"]
[EventCountry "GBR"]
[Source "John Saunders"]
[SourceDate "2015.07.24"]

1. e4 e5 2. Nf3 Nc6 3. Bb5 f5 4. Nc3 fxe4 5. Nxe4 d5 6. Nxe5 dxe4 7. Nxc6 Qg5
8. Qe2 Nf6 9. f4 Qxf4 10. Ne5+ c6 11. d4 Qh4+ 12. g3 Qh3 13. Bc4 Be6 14. Bf4
O-O-O 15. O-O-O Bd6 16. Bxe6+ Qxe6 17. Kb1 Rhf8 18. Rhe1 1/2-1/2

[Event "GBR-ch 100th"]
[Site "Torquay"]
[Date "2013.08.09"]
[Round "11"]
[White "Moss, Guy"]
[Black "Rayner, Francis"]
[Result "0-1"]
[WhiteElo "2018"]
[BlackElo "2186"]
[PlyCount "102"]
[EventDate "2013.07.29"]
[EventType "swiss"]
[EventRounds "11"]
[EventCountry "GBR"]
[Source "John Saunders"]
[SourceDate "2015.07.24"]

1. e4 Nf6 2. e5 Nd5 3. c4 Nb6 4. d4 d6 5. Nf3 Bg4 6. exd6 exd6 7. Nc3 Nc6 8.
Be3 Be7 9. h3 Bh5 10. Bd3 Bf6 11. g4 Bg6 12. Bxg6 hxg6 13. g5 Be7 14. b3 Qd7
15. c5 dxc5 16. dxc5 Qxd1+ 17. Rxd1 Nd7 18. Nd5 O-O-O 19. b4 Rhe8 20. O-O Nde5
21. Nxe7+ Rxe7 22. Nxe5 Nxe5 23. Rxd8+ Kxd8 24. Rd1+ Rd7 25. Rxd7+ Kxd7 26. Kg2
Kc6 27. Bd4 Nd3 28. a3 a5 29. bxa5 Nxc5 30. Bxg7 Ne6 31. Bf6 Kb5 32. h4 Kc4 33.
Kg3 Kd3 34. Kg4 c5 35. h5 gxh5+ 36. Kxh5 c4 37. g6 Nf4+ 38. Kh6 fxg6 39. Kg5
Nh3+ 40. Kxg6 Nxf2 41. Kf5 Ne4 42. Ba1 Nc5 43. a4 c3 44. Ke5 Nb3 45. Bxc3 Kxc3
46. Kd6 Kb4 47. Kc7 Nxa5 48. Kb6 Kxa4 49. Kc5 b5 50. Kd4 Ka3 51. Kd3 b4 0-1

[Event "GBR-ch 100th"]
[Site "Torquay"]
[Date "2013.08.09"]
[Round "11"]
[White "Owens, Megan R"]
[Black "De Coverly, Roger"]
[Result "1/2-1/2"]
[WhiteElo "1852"]
[BlackElo "2036"]
[PlyCount "53"]
[EventDate "2013.07.29"]
[EventType "swiss"]
[EventRounds "11"]
[EventCountry "GBR"]
[Source "John Saunders"]
[SourceDate "2015.07.24"]

1. c4 e5 2. g3 Nf6 3. Bg2 g6 4. Nc3 Bg7 5. d3 O-O 6. Rb1 a5 7. a3 d6 8. b4 axb4
9. axb4 h6 10. Bb2 Nc6 11. b5 Ne7 12. e3 d5 13. Nf3 Nh5 14. O-O Be6 15. cxd5
Nxd5 16. Nxd5 Bxd5 17. e4 Ba2 18. Rc1 Re8 19. Qc2 Re7 20. Rfd1 Qe8 21. Bf1 f6
22. d4 Be6 23. Bc4 Bxc4 24. Qxc4+ Kh7 25. dxe5 fxe5 26. Rd5 Rc8 27. Kg2 1/2-1/2

[Event "GBR-ch 100th"]
[Site "Torquay"]
[Date "2013.08.09"]
[Round "11"]
[White "Oyama, Akito"]
[Black "Varnam, Liam"]
[Result "0-1"]
[WhiteElo "1966"]
[BlackElo "2107"]
[PlyCount "86"]
[EventDate "2013.07.29"]
[EventType "swiss"]
[EventRounds "11"]
[EventCountry "GBR"]
[Source "John Saunders"]
[SourceDate "2015.07.24"]

1. e4 a6 2. Nc3 b5 3. f4 Bb7 4. Qe2 e6 5. Nf3 b4 6. Nd1 c5 7. g3 d6 8. Bg2 Nf6
9. d3 Be7 10. O-O Nc6 11. c3 O-O 12. Nf2 Nd7 13. g4 f6 14. f5 Nde5 15. Rd1
Nxf3+ 16. Bxf3 d5 17. fxe6 Ne5 18. Bg2 d4 19. c4 Bc8 20. Nh1 Bxe6 21. h3 Bd6
22. Rf1 Ra7 23. Bf4 g5 24. Bxe5 Bxe5 25. Rf3 h5 26. gxh5 g4 27. hxg4 Bxg4 28.
Rg3 Bxg3 29. Qxg4+ Rg7 30. Qe6+ Kh8 31. h6 Rg6 32. Nxg3 Rxg3 33. Kf2 Qb8 34. e5
Rg6 35. Qd7 fxe5+ 36. Bf3 e4 37. Ke1 Qg3+ 38. Kd2 Qxf3 39. Re1 Qxd3+ 40. Kc1
Qxc4+ 41. Kb1 Rg2 42. Rc1 Qxc1+ 43. Kxc1 Rf1# 0-1

[Event "GBR-ch 100th"]
[Site "Torquay"]
[Date "2013.08.09"]
[Round "11"]
[White "Purdon, Colin"]
[Black "Ledger, David"]
[Result "0-1"]
[WhiteElo "2140"]
[BlackElo "2305"]
[PlyCount "86"]
[EventDate "2013.07.29"]
[EventType "swiss"]
[EventRounds "11"]
[EventCountry "GBR"]
[Source "John Saunders"]
[SourceDate "2015.07.24"]

1. d4 Nf6 2. c4 g6 3. Nc3 Bg7 4. e4 d6 5. Nf3 O-O 6. h3 e5 7. d5 Nh5 8. g3 Qe7
9. Bg2 a5 10. Be3 f5 11. exf5 gxf5 12. Bg5 Qe8 13. O-O Na6 14. Qd2 Kh8 15. Rfe1
Qg6 16. Nh4 Qf7 17. Bh6 Rg8 18. Kh1 Bd7 19. Rg1 Nc5 20. Be3 b6 21. Nf3 Bf6 22.
Ng5 Qe7 23. Ne6 Rac8 24. Nxc5 bxc5 25. Qe2 Ng7 26. Rae1 Qf7 27. Kh2 f4 28. Bd2
Nf5 29. Ne4 Rg6 30. Nxf6 Rxf6 31. g4 f3 32. Qxf3 Nd4 33. Qg3 Rf3 34. Bxf3 Nxf3+
35. Kg2 Nxd2 36. Qd3 Qf4 37. Re3 Nxc4 38. Re4 Nxb2 39. Qe2 Bb5 40. Qe1 Nd3 41.
Qe3 Qf7 42. Rb1 Ba6 43. Ra4 Qxd5+ 0-1

[Event "GBR-ch 100th"]
[Site "Torquay"]
[Date "2013.08.09"]
[Round "11"]
[White "Richardson, Alex"]
[Black "Burke, Mitchell R"]
[Result "1-0"]
[WhiteElo "2149"]
[BlackElo "1971"]
[PlyCount "55"]
[EventDate "2013.07.29"]
[EventType "swiss"]
[EventRounds "11"]
[EventCountry "GBR"]
[Source "John Saunders"]
[SourceDate "2015.07.24"]

1. c4 e5 2. Nc3 Nc6 3. Nf3 f5 4. d4 e4 5. Ng1 Nf6 6. Bg5 Be7 7. Bxf6 Bxf6 8. e3
d6 9. Nh3 O-O 10. Nf4 Ne7 11. h4 c6 12. Qb3 Kh8 13. Be2 Rb8 14. a4 a6 15. g3
Bd7 16. Kf1 g6 17. Kg2 h6 18. Qa3 Qc7 19. Rac1 Rf7 20. b4 Kg8 21. b5 g5 22.
hxg5 hxg5 23. Nh5 Ng6 24. b6 Qxb6 25. Qxd6 Qd8 26. c5 Be8 27. Qxd8 Rxd8 28. Bc4
1-0